[Event "SF Essen-Katernberg  1 - SV Dinslaken 1"]
[Site "Oberliga NRW 2017/2018"]
[Date "2018.04.08"]
[Round "8.4"]
[White "Kueppers, Timo"]
[Black "Mundorf, Johannes"]
[Result "1/2-1/2"]
[WhiteElo "2149"]
[BlackElo "2202"]
[PlyCount "39"]
[EventDate "2018.??.??"]
[WhiteTeam "SF Essen-Katernberg  1"]
[BlackTeam "SV Dinslaken 1"]

1. e4 e6 2. d4 d5 3. Nd2 Be7 4. Bd3 c5 5. dxc5 Nf6 6. Qe2 a5 7. Ngf3 Nfd7 8.
exd5 exd5 9. c3 Nxc5 10. Bb5+ Nc6 11. O-O O-O 12. Nb3 Bg4 13. Nxc5 Bxc5 14. Qd3
h6 15. h3 Bh5 16. Be3 Bxe3 17. Qxe3 Qf6 18. Nd4 Rfe8 19. Qd3 Nxd4 20. Qxd4
1/2-1/2

[Event "SF Essen-Katernberg  1 - SV Dinslaken 1"]
[Site "Oberliga NRW 2017/2018"]
[Date "2018.04.08"]
[Round "8.5"]
[White "Welzel, Philipp"]
[Black "Dahm, Bernd"]
[Result "1-0"]
[WhiteElo "2191"]
[BlackElo "2132"]
[Annotator "Daniel"]
[PlyCount "143"]
[EventDate "2018.??.??"]
[WhiteTeam "SV Dinslaken 1"]
[BlackTeam "SF Essen-Katernberg  1"]

1. d4 Nf6 2. c4 e6 3. g3 d5 4. Nf3 Be7 5. Bg2 O-O 6. O-O dxc4 7. Qc2 a6 8. a4
Bd7 9. Qxc4 Bc6 10. Bf4 Bd6 11. Qc1 a5 12. Nc3 Na6 13. Rd1 Nb4 14. Bg5 Be7 15.
Ne5 Bxg2 16. Kxg2 c6 17. e4 Nd7 18. Bxe7 Qxe7 19. Nc4 Rfd8 20. h4 h6 21. Rd2
Ra6 $11 22. Qd1 Nb6 23. Ne3 Raa8 24. Qh5 Nd7 25. Rad1 Nf6 26. Qf3 Rd7 27. Nc4
Rdd8 28. e5 Nfd5 29. Ne4 b5 30. Ncd6 bxa4 31. Nc5 Nb6 32. Ra1 N4d5 33. Nxa4
Nxa4 34. Rxa4 Rdb8 35. Rc2 Qc7 36. Qa3 Qb6 37. Rac4 Nb4 38. R2c3 Nd5 39. Rc2
Nb4 40. Rd2 Rd8 41. Rc5 Ra7 42. Nc4 Qb7 43. Nd6 Qb6 44. Qa4 Qb8 45. Rxa5 Rdd7
46. Rxa7 Rxa7 47. Qb3 Ra8 48. Qf3 Qa7 49. Re2 Rf8 50. Re4 c5 51. dxc5 Qxc5 52.
Qc3 Na6 53. Qxc5 Nxc5 54. Rd4 Rb8 55. b4 Na6 56. b5 Nc7 57. Rc4 Nd5 58. Rc8+
Rxc8 59. Nxc8 Nc7 60. b6 Na6 61. b7 Kf8 62. h5 f6 63. exf6 gxf6 64. g4 Ke8 65.
Nd6+ Ke7 66. Nc4 Kd7 67. f4 Ke7 68. Kf3 Kf7 69. Ke3 Ke7 70. Kd4 Kf7 71. Na5 Nb8
72. Kc5 1-0

[Event "SF Essen-Katernberg  1 - SV Dinslaken 1"]
[Site "Oberliga NRW 2017/2018"]
[Date "2018.04.08"]
[Round "8.6"]
[White "Heldt, Maximilian"]
[Black "Borchert, Rene"]
[Result "0-1"]
[WhiteElo "2081"]
[BlackElo "2143"]
[PlyCount "136"]
[EventDate "2018.??.??"]
[WhiteTeam "SF Essen-Katernberg  1"]
[BlackTeam "SV Dinslaken 1"]

1. e4 e5 2. Nf3 Nc6 3. d4 exd4 4. Bc4 Nf6 5. e5 d5 6. Bb5 Ne4 7. Nxd4 Bd7 8.
Bxc6 bxc6 9. O-O Be7 10. f3 Nc5 11. Nc3 O-O 12. Be3 f6 13. exf6 Rxf6 14. Qd2
Rg6 15. Nce2 Bd6 16. Bf4 Qh4 17. Bxd6 Rxd6 18. Ng3 Rh6 19. Ndf5 Bxf5 20. Nxf5
Qxh2+ 21. Kf2 Rf6 22. Qg5 Ne6 23. Qe3 Re8 24. Ng3 Qh4 25. Rh1 Qc4 26. c3 c5 27.
Rh5 Qb5 28. b3 Nf4 29. Qd2 Nxh5 30. Qxd5+ Kh8 31. Qxh5 Qc6 32. Rd1 c4 33. bxc4
Rb8 34. Qg4 Qc5+ 35. Kf1 Rd6 36. Re1 Rd2 37. Ne4 Qxc4+ 38. Kg1 Rxa2 39. Qh5 h6
40. Qg6 Ra6 41. Qh5 Rab6 42. Kh2 Qe6 43. Ra1 Rb5 44. Qh4 a5 45. Ra4 Qe5+ 46.
Ng3 Qxc3 47. Rg4 Qf6 48. Qh3 Rb4 49. f4 Rb3 50. Qh5 R3b5 51. Qh3 Qf7 52. f5
Rxf5 53. Nxf5 Qxf5 54. Qg3 Qh5+ 55. Rh4 Qc5 56. Qf3 Qd6+ 57. g3 Rb2+ 58. Kh3
Qe6+ 59. Rg4 Rb4 60. Qf8+ Qg8 61. Qf5 Rxg4 62. Qxg4 Qa8 63. Qa4 c6 64. Kh2 Qa6
65. Qe4 Qa8 66. Qa4 c5 67. Kh3 Qc8+ 68. Kg2 c4 0-1

[Event "SF Essen-Katernberg  1 - SV Dinslaken 1"]
[Site "Oberliga NRW 2017/2018"]
[Date "2018.04.08"]
[Round "8.7"]
[White "Ossig, Rainer"]
[Black "Kaeding, Rainer"]
[Result "1-0"]
[WhiteElo "2135"]
[BlackElo "2129"]
[PlyCount "61"]
[EventDate "2018.??.??"]
[WhiteTeam "SV Dinslaken 1"]
[BlackTeam "SF Essen-Katernberg  1"]

1. Nf3 d5 2. g3 c6 3. c4 Bg4 4. Bg2 e6 5. cxd5 Bxf3 6. Bxf3 cxd5 7. O-O Nf6 8.
Nc3 Nc6 9. d4 Be7 10. e3 O-O 11. Bd2 Rc8 12. Qa4 Qb6 13. Rfb1 Ra8 14. a3 Rfc8
15. b4 a6 16. Qd1 Qd8 17. Na4 Ne8 18. Be2 b5 19. Nc5 Nd6 20. Bc3 Rcb8 21. Qf1
Bf6 22. Ra2 Ra7 23. a4 Qb6 24. Rba1 Rba8 25. axb5 Nxb5 26. Bd2 Nbxd4 27. exd4
Bxd4 28. Rxa6 Bxc5 29. Rxb6 Rxa1 30. Rxc6 Rxf1+ 31. Bxf1 1-0

[Event "SF Essen-Katernberg  1 - SV Dinslaken 1"]
[Site "Oberliga NRW 2017/2018"]
[Date "2018.04.08"]
[Round "8.8"]
[White "Mueller-Clostermann, Bruno"]
[Black "Nent, Alexander"]
[Result "1/2-1/2"]
[WhiteElo "1991"]
[BlackElo "2058"]
[PlyCount "38"]
[EventDate "2018.??.??"]
[WhiteTeam "SF Essen-Katernberg  1"]
[BlackTeam "SV Dinslaken 1"]

1. Nf3 c5 2. g3 Nc6 3. Bg2 g6 4. O-O Bg7 5. c4 e6 6. Nc3 Nge7 7. a3 O-O 8. Rb1
d5 9. d3 b6 10. Bg5 Bb7 11. Qc1 Qd7 12. cxd5 exd5 13. Bh6 d4 14. Bxg7 Kxg7 15.
Ne4 f5 16. Neg5 Nd5 17. e4 dxe3 18. fxe3 h6 19. Nh3 Rad8 1/2-1/2

[Event "SV Mülheim-Nord 2 - SK Münster 1"]
[Site "Oberliga NRW 2017/2018"]
[Date "2018.04.08"]
[Round "8.1"]
[White "Kuijf, Marinus"]
[Black "Warmerdam, Max"]
[Result "1/2-1/2"]
[WhiteElo "2334"]
[BlackElo "2389"]
[PlyCount "33"]
[EventDate "2018.??.??"]
[WhiteTeam "SK Münster 1"]
[BlackTeam "SV Mülheim-Nord 2"]

1. e4 e5 2. Bc4 Nc6 3. Nc3 Nf6 4. d3 Na5 5. Qf3 Nxc4 6. dxc4 d6 7. h3 Be6 8. b3
Be7 9. Nge2 c6 10. O-O O-O 11. Rd1 Qc7 12. Ng3 Rad8 13. Be3 Rfe8 14. a4 Qa5 15.
Bd2 Qc7 16. Be3 Qa5 17. Bd2 1/2-1/2

[Event "SV Mülheim-Nord 2 - SK Münster 1"]
[Site "Oberliga NRW 2017/2018"]
[Date "2018.04.08"]
[Round "8.2"]
[White "Zwirs, Nico"]
[Black "Webb, Laurence"]
[Result "0-1"]
[WhiteElo "2391"]
[BlackElo "2255"]
[PlyCount "94"]
[EventDate "2018.??.??"]
[WhiteTeam "SV Mülheim-Nord 2"]
[BlackTeam "SK Münster 1"]

1. e4 e6 2. d4 d5 3. Nc3 Bb4 4. e5 c5 5. a3 Bxc3+ 6. bxc3 Qa5 7. Bd2 Qa4 8. Qg4
Kf8 9. Nf3 Ne7 10. h3 Qxc2 11. dxc5 Nd7 12. Be2 Qe4 13. Be3 Qxg4 14. hxg4 Nc6
15. Rh5 b6 16. Bb5 Bb7 17. cxb6 axb6 18. c4 dxc4 19. O-O-O Ke7 20. Bg5+ Ke8 21.
Rd6 Rc8 22. Rh1 Rc7 23. Rhd1 h6 24. Be3 Ke7 25. g5 hxg5 26. Bxg5+ f6 27. Bf4
Rhc8 28. exf6+ gxf6 29. R6d2 e5 30. Be3 Nc5 31. Bxc5+ bxc5 32. Bxc6 Bxc6 33.
Nh4 Be4 34. Rb2 Ra8 35. Re1 Bd3 36. Kd2 Rxa3 37. Rc1 Rd7 38. Rb8 c3+ 39. Ke3 c2
40. Kd2 Be4+ 41. Ke2 c4 42. Nf3 Rb3 43. Rh8 Rb1 44. Rhh1 Rd1 45. Rhxd1 cxd1=Q+
46. Rxd1 Rxd1 47. Kxd1 Bxf3+ 0-1

[Event "SV Mülheim-Nord 2 - SK Münster 1"]
[Site "Oberliga NRW 2017/2018"]
[Date "2018.04.08"]
[Round "8.3"]
[White "Wolter, Kai"]
[Black "Buckels, Valentin"]
[Result "1/2-1/2"]
[WhiteElo "2205"]
[BlackElo "2323"]
[PlyCount "125"]
[EventDate "2018.??.??"]
[WhiteTeam "SK Münster 1"]
[BlackTeam "SV Mülheim-Nord 2"]

1. e4 e5 2. Nf3 Nc6 3. Bc4 Bc5 4. O-O d6 5. c3 Nf6 6. d3 O-O 7. Nbd2 a5 8. a4
h6 9. Re1 Be6 10. h3 Re8 11. Qb3 Qd7 12. Bxe6 fxe6 13. Nf1 Nh5 14. Be3 Bxe3 15.
Rxe3 Rf8 16. g3 Rf7 17. N1h2 Raf8 18. Rf1 Kh7 19. Qd1 g6 20. Nh4 Qe7 21. Qg4
Rg8 22. Nxg6 Qg5 23. Nh4 Nf4 24. Qxg5 hxg5 25. N4f3 Nxh3+ 26. Kg2 Nf4+ 27. Kh1
g4 28. Nd2 Nh5 29. Kg2 Rfg7 30. Rh1 Kh6 31. Re2 Kg5 32. Ndf1 Nf6 33. Ne3 b6 34.
Nhf1 Kg6 35. Nd2 Kf7 36. Ree1 Nd7 37. Nb3 Rb8 38. d4 Nf6 39. d5 Ne7 40. dxe6+
Kxe6 41. Nd2 Rf8 42. Rh6 Kd7 43. Rf1 Ne8 44. Rh4 Rfg8 45. Rfh1 Nf6 46. Rh8 Ke6
47. R1h6 Rxh8 48. Rxh8 Ng6 49. Ra8 Ne7 50. Rh8 Rg8 51. Rxg8 Nexg8 52. Kf1 Nh6
53. Ke2 Nf7 54. Kd3 Ng5 55. b4 Nh3 56. Nd1 Kd7 57. bxa5 bxa5 58. Ke3 Ng5 59.
Nb2 Ne6 60. Nb3 Ng5 61. Nd2 Ne6 62. Nb3 Ng5 63. Nd2 1/2-1/2

[Event "SV Mülheim-Nord 2 - SK Münster 1"]
[Site "Oberliga NRW 2017/2018"]
[Date "2018.04.08"]
[Round "8.4"]
[White "van Osch, Mees"]
[Black "Chilla, Jan Eric"]
[Result "1-0"]
[WhiteElo "2265"]
[BlackElo "2153"]
[Annotator "Daniel"]
[PlyCount "113"]
[EventDate "2018.??.??"]
[WhiteTeam "SV Mülheim-Nord 2"]
[BlackTeam "SK Münster 1"]

1. e4 e5 2. Nf3 Nc6 3. Bc4 Bc5 4. c3 Nf6 5. d3 d6 6. b4 Bb6 7. a4 a5 8. b5 Ne7
9. O-O O-O 10. Nbd2 Ng6 11. Bb3 c6 12. Re1 Re8 13. Nc4 Bc7 14. Be3 d5 15. b6
Bb8 16. exd5 cxd5 17. Na3 Bg4 18. h3 Bd7 19. Nb5 Bc6 20. Qc2 Nh5 21. Na7 Bxa7
22. bxa7 d4 23. Ng5 Rf8 24. cxd4 exd4 25. Bc1 Nhf4 26. Ne4 Kh8 27. f3 f5 28.
Nc5 Rxa7 29. Ne6 Nxe6 30. Bxe6 Re8 31. Bd2 Qf6 32. Qc5 Raa8 33. Qxf5 Qxf5 34.
Bxf5 Rxe1+ 35. Bxe1 Nf4 36. Bf2 Ne2+ 37. Kf1 Nc3 38. Be4 Bxe4 39. fxe4 Rd8 40.
Ke1 Kg8 $11 41. Kd2 Kf7 42. Kc2 g6 43. Kb3 Ke6 44. Be1 Ne2 45. Bxa5 Rf8 46. Kc4
Rc8+ 47. Kb5 Nf4 48. Kb6 Nxd3 49. Kxb7 Rc4 50. Bb6 Nb2 51. a5 d3 52. a6 d2 53.
a7 Ra4 54. Rxa4 d1=Q 55. Rd4 Qf1 56. a8=Q Qf7+ 57. Bc7 1-0

[Event "SV Mülheim-Nord 2 - SK Münster 1"]
[Site "Oberliga NRW 2017/2018"]
[Date "2018.04.08"]
[Round "8.5"]
[White "Kamp, Christoph"]
[Black "Kahleys, Kevin"]
[Result "1-0"]
[WhiteElo "2209"]
[BlackElo "2185"]
[PlyCount "109"]
[EventDate "2018.??.??"]
[WhiteTeam "SK Münster 1"]
[BlackTeam "SV Mülheim-Nord 2"]

1. c4 c6 2. e4 d5 3. cxd5 cxd5 4. exd5 Nf6 5. Qa4+ Nbd7 6. Nc3 g6 7. Nf3 Bg7 8.
Qb3 O-O 9. Bc4 Nb6 10. d3 Bg4 11. Ne5 Bf5 12. O-O Qc7 13. Re1 Nfxd5 14. Nxd5
Nxd5 15. Nxg6 hxg6 16. Bxd5 Rad8 17. Be3 Qe5 18. Bc4 b5 19. Qxb5 Qxb5 20. Bxb5
Bxb2 21. Rad1 Bc3 22. Bd2 Bf6 23. Bh6 Bg7 24. Bxg7 Kxg7 25. Rxe7 a5 26. Bc4 Kf6
27. Ra7 Ra8 28. Rb7 Rab8 29. Rdb1 Rbd8 30. R1b6+ Be6 31. g3 g5 32. Ra7 Ra8 33.
Rxa8 Rxa8 34. Kg2 g4 35. f3 gxf3+ 36. Kxf3 Ke5 37. Bxe6 fxe6 38. h4 Kd4 39.
Rxe6 Kxd3 40. Re4 a4 41. h5 a3 42. h6 Rh8 43. Rh4 Rf8+ 44. Kg2 Kc3 45. h7 Rh8
46. Kf3 Kb2 47. Rh2+ Ka1 48. g4 Rb8 49. h8=Q+ Rb2 50. Rh1+ Kxa2 51. Qg8+ Rb3+
52. Kf4 Kb2 53. Rh2+ Ka1 54. Qxb3 a2 55. Qd1# 1-0

[Event "SV Mülheim-Nord 2 - SK Münster 1"]
[Site "Oberliga NRW 2017/2018"]
[Date "2018.04.08"]
[Round "8.6"]
[White "Bus, Tom"]
[Black "Molinaroli, Martin"]
[Result "1-0"]
[WhiteElo "2096"]
[BlackElo "2185"]
[Annotator "Daniel"]
[PlyCount "87"]
[EventDate "2018.??.??"]
[WhiteTeam "SV Mülheim-Nord 2"]
[BlackTeam "SK Münster 1"]

1. c4 g6 2. g3 Bg7 3. Bg2 c5 4. Nc3 Nc6 5. a3 d6 6. Nf3 Nf6 7. O-O O-O 8. Rb1
a5 9. d3 d5 10. cxd5 Nxd5 11. Nxd5 Qxd5 12. Be3 Qh5 13. Qa4 Bd7 14. Qb5 Rac8
15. Qxb7 Rfd8 16. Rfc1 Rb8 17. Qc7 Rbc8 18. Qb6 Rb8 19. Qxc5 Bxb2 20. Rd1 Qxc5
21. Bxc5 Rb5 22. Nd2 Rdb8 23. Bxc6 Bxc6 24. Bxe7 Re8 25. Bd6 $11 Rxe2 26. Kf1
Re6 27. Nc4 Bd4 28. a4 Rxb1 29. Rxb1 Bxa4 30. Rb8+ Kg7 31. Bf8+ Kf6 32. Nd6 Bc6
33. Rc8 Bf3 34. Rc7 Kg5 35. Rxf7 Be2+ 36. Kg2 Be5 37. Ne4+ Kh5 38. Rxh7+ Kg4
39. h3+ Kf5 40. Rf7+ Bf6 41. g4+ Ke5 42. Nxf6 Bxd3 43. Nd7+ Kd5 44. Nc5 1-0

[Event "SV Mülheim-Nord 2 - SK Münster 1"]
[Site "Oberliga NRW 2017/2018"]
[Date "2018.04.08"]
[Round "8.7"]
[White "Rott, Georg"]
[Black "Krueger, Andre"]
[Result "1/2-1/2"]
[WhiteElo "2133"]
[BlackElo "1910"]
[PlyCount "75"]
[EventDate "2018.??.??"]
[WhiteTeam "SK Münster 1"]
[BlackTeam "SV Mülheim-Nord 2"]

1. e4 c5 2. Nf3 e6 3. c3 a6 4. d4 d5 5. exd5 exd5 6. Be3 cxd4 7. Nxd4 Nc6 8.
Be2 Bd6 9. Nd2 Nge7 10. O-O Nxd4 11. Bxd4 Nf5 12. Nf3 O-O 13. Re1 Be6 14. Qd2
Qc7 15. h3 Rad8 16. Rad1 Rfe8 17. Bd3 Nxd4 18. Nxd4 Bd7 19. Qg5 Be5 20. Qh4 g6
21. Bc2 Bc6 22. Nf3 Bg7 23. Bb3 Rxe1+ 24. Rxe1 Qd6 25. Ng5 h6 26. Nf3 Re8 27.
Rxe8+ Bxe8 28. Qg3 Qxg3 29. fxg3 Bc6 30. g4 Kf8 31. Kf2 Ke7 32. Ke3 Kd6 33. Bc2
Bd7 34. Bd3 Kc5 35. Nd4 Be5 36. Nf3 Bg7 37. Nd4 Be5 38. Nf3 1/2-1/2

[Event "SV Mülheim-Nord 2 - SK Münster 1"]
[Site "Oberliga NRW 2017/2018"]
[Date "2018.04.08"]
[Round "8.8"]
[White "Wittenberg, Andreas"]
[Black "Cuijpers, Frans Andre"]
[Result "1/2-1/2"]
[WhiteElo "2174"]
[BlackElo "2393"]
[PlyCount "47"]
[EventDate "2018.??.??"]
[WhiteTeam "SV Mülheim-Nord 2"]
[BlackTeam "SK Münster 1"]

1. d4 Nf6 2. Nf3 d5 3. c4 c6 4. e3 e6 5. Nbd2 Nbd7 6. Bd3 Be7 7. b3 O-O 8. O-O
b6 9. Bb2 Bb7 10. Qe2 Rc8 11. Rac1 h6 12. e4 dxe4 13. Nxe4 c5 14. Ne5 cxd4 15.
Bxd4 Bxe4 16. Bxe4 Nc5 17. Bxc5 Bxc5 18. Bb7 Rc7 19. Rcd1 Qb8 20. Bf3 Qc8 21.
Rd2 Nd7 22. Rfd1 Nxe5 23. Qxe5 Be7 24. Be4 1/2-1/2

[Event "SK Münster 1 - SV Wattenscheid 1"]
[Site "Oberliga NRW 2017/2018"]
[Date "2018.04.29"]
[Round "9.1"]
[White "Koscielski, Janusz"]
[Black "Holtel, Jasper"]
[Result "1/2-1/2"]
[WhiteElo "2282"]
[BlackElo "2224"]
[Annotator "Daniel"]
[PlyCount "148"]
[EventDate "2018.??.??"]
[WhiteTeam "SV Wattenscheid 1"]
[BlackTeam "SK Münster 1"]

1. e4 c5 2. Nf3 d6 3. d4 cxd4 4. Nxd4 Nf6 5. Nc3 a6 6. Be2 e5 7. Nb3 Be7 8. Bg5
Be6 9. Bxf6 Bxf6 10. Qd3 O-O 11. O-O-O Be7 12. Nd5 Bxd5 13. Qxd5 Qc7 14. Kb1
Nd7 15. Qc4 Qb8 16. Qd3 b5 17. h4 Qa7 18. Qf3 Qb7 19. g4 a5 20. Rd5 a4 21. Rxb5
Qc7 22. Nd2 Nc5 23. Bc4 Ne6 $11 24. Bxe6 fxe6 25. Qe3 Rac8 26. c4 Qd8 27. g5
Rf4 28. Qe2 Qe8 29. f3 Qh5 30. Qh2 h6 31. Rb7 Re8 32. Qh3 Bd8 33. Rb8 Kh7 34.
Qg2 Rxh4 35. Rxh4 Qxh4 36. g6+ Kg8 37. Qg4 Qxg4 38. fxg4 Rf8 39. Kc2 Ba5 40.
Rb5 Ra8 41. b4 axb3+ 42. axb3 Kf8 43. Rb7 Rc8 44. b4 Bc7 45. b5 Ba5 46. b6 Bxb6
47. Rxb6 Ke7 48. Kd3 Rd8 49. Nf3 Kf6 50. Ke3 Rc8 51. Nd2 Ke7 52. Ra6 Rc7 53.
Kd3 Rd7 54. Ke3 Rc7 55. Ra8 Kf6 56. Re8 Ra7 57. Rb8 Ra6 58. Rc8 Kxg6 59. c5
dxc5 60. Rxc5 Ra3+ 61. Ke2 Kf6 62. Nf3 Ra2+ 63. Ke3 Ra3+ 64. Kf2 Ra2+ 65. Kg3
Ra3 66. Kf2 Ra2+ 67. Ke3 Ra3+ 68. Ke2 Ra2+ 69. Nd2 g6 70. Ke3 Ra3+ 71. Kf2 Ra2
72. Ke3 Ra3+ 73. Kf2 Ra2 74. Ke3 Ra3+ 1/2-1/2

[Event "SK Münster 1 - SV Wattenscheid 1"]
[Site "Oberliga NRW 2017/2018"]
[Date "2018.04.29"]
[Round "9.2"]
[White "Webb, Laurence"]
[Black "Thiel, Thomas"]
[Result "1/2-1/2"]
[WhiteElo "2287"]
[BlackElo "2239"]
[PlyCount "56"]
[EventDate "2018.??.??"]
[WhiteTeam "SK Münster 1"]
[BlackTeam "SV Wattenscheid 1"]

1. d4 d5 2. c4 c6 3. Nf3 Nf6 4. e3 g6 5. Nc3 Bg7 6. Bd3 O-O 7. O-O dxc4 8. Bxc4
Bg4 9. h3 Bxf3 10. Qxf3 Nbd7 11. Rd1 e5 12. d5 e4 13. Nxe4 Nxe4 14. Qxe4 Nb6
15. d6 Re8 16. Qc2 Nxc4 17. Qxc4 Re6 18. d7 Qc7 19. e4 Rd8 20. Qd3 Re7 21. Bg5
Rdxd7 22. Qc2 Re8 23. Rxd7 Qxd7 24. Rd1 Qe6 25. b3 h6 26. Be3 b6 27. Qd3 Bf6
28. f3 Rd8 1/2-1/2

[Event "SK Münster 1 - SV Wattenscheid 1"]
[Site "Oberliga NRW 2017/2018"]
[Date "2018.04.29"]
[Round "9.3"]
[White "Wengenroth, Walter"]
[Black "Muschik, Benedikt"]
[Result "1/2-1/2"]
[WhiteElo "2222"]
[BlackElo "2203"]
[PlyCount "47"]
[EventDate "2018.??.??"]
[WhiteTeam "SV Wattenscheid 1"]
[BlackTeam "SK Münster 1"]

1. e4 g6 2. d4 Bg7 3. Nc3 d6 4. Nf3 a6 5. Be2 Nd7 6. O-O e6 7. a4 b6 8. Re1 Ne7
9. Bf1 Bb7 10. Bf4 h6 11. Qd3 O-O 12. Rad1 g5 13. Bc1 Ng6 14. Ne2 Nf6 15. Ng3
Nf4 16. Qb3 N6h5 17. d5 exd5 18. exd5 Qd7 19. a5 Rab8 20. axb6 cxb6 21. c4 Bc8
22. Nd4 Nxg3 23. hxg3 Ng6 24. Nc6 1/2-1/2

[Event "SK Münster 1 - SV Wattenscheid 1"]
[Site "Oberliga NRW 2017/2018"]
[Date "2018.04.29"]
[Round "9.5"]
[White "Sandkamp, Ralph"]
[Black "Chilla, Jan Eric"]
[Result "1/2-1/2"]
[WhiteElo "2177"]
[BlackElo "2174"]
[PlyCount "41"]
[EventDate "2018.??.??"]
[WhiteTeam "SV Wattenscheid 1"]
[BlackTeam "SK Münster 1"]

1. c4 e5 2. g3 Nf6 3. Bg2 d5 4. cxd5 Nxd5 5. Nc3 Nb6 6. Nf3 Nc6 7. O-O Be7 8.
d3 O-O 9. a3 Be6 10. b4 f6 11. Bb2 a5 12. b5 Nd4 13. Nxd4 exd4 14. Na4 Bd5 15.
Nxb6 cxb6 16. Bxd5+ Qxd5 17. Qa4 Bc5 18. Qc4 Rad8 19. Rfc1 Rfe8 20. Kf1 Kf7 21.
a4 1/2-1/2

[Event "SK Münster 1 - SV Wattenscheid 1"]
[Site "Oberliga NRW 2017/2018"]
[Date "2018.04.29"]
[Round "9.6"]
[White "Kamp, Christoph"]
[Black "Straeter, Timo"]
[Result "0-1"]
[WhiteElo "2233"]
[BlackElo "2336"]
[PlyCount "104"]
[EventDate "2018.??.??"]
[WhiteTeam "SK Münster 1"]
[BlackTeam "SV Wattenscheid 1"]

1. c4 c6 2. e4 d5 3. cxd5 cxd5 4. exd5 Nf6 5. Qa4+ Nbd7 6. Nc3 g6 7. Nf3 Bg7 8.
Qb3 O-O 9. Bc4 Nb6 10. d3 Bf5 11. O-O Rc8 12. Re1 Nxc4 13. dxc4 Qc7 14. Bd2
Rfe8 15. Rac1 Qxc4 16. Qxb7 Rc7 17. Qb3 Qxb3 18. axb3 Rb7 19. Nd4 Kf8 20. Ra1
Bd7 21. Be3 Ng4 22. Ra3 Nxe3 23. fxe3 Bxd4 24. exd4 Bf5 25. Re2 Reb8 26. h3 h5
27. Ra5 Rc7 28. Rc5 Rcb7 29. Ra5 a6 30. Rd2 Rxb3 31. Rxa6 Rxb2 32. Rxb2 Rxb2
33. Ra8+ Kg7 34. Ra2 Rxa2 35. Nxa2 h4 36. Nc3 g5 37. Kf2 Bd3 38. Kf3 f5 39. Ke3
Bf1 40. Kf2 Bc4 41. Kf3 Kf6 42. Kf2 Ba6 43. Kf3 Bb7 44. Kf2 Kg6 45. Kg1 g4 46.
Kf2 g3+ 47. Ke3 Kg5 48. Ne2 Bxd5 49. Nf4 e6 50. Nxd5 exd5 51. Kf3 f4 52. Ke2
Kf6 0-1

[Event "SK Münster 1 - SV Wattenscheid 1"]
[Site "Oberliga NRW 2017/2018"]
[Date "2018.04.29"]
[Round "9.7"]
[White "Kaehmann, Joerg"]
[Black "Bolwerk, Peter"]
[Result "0-1"]
[WhiteElo "2121"]
[BlackElo "2167"]
[PlyCount "70"]
[EventDate "2018.??.??"]
[WhiteTeam "SV Wattenscheid 1"]
[BlackTeam "SK Münster 1"]

1. Nf3 Nf6 2. d4 g6 3. c4 Bg7 4. Nc3 O-O 5. e4 d6 6. Be2 Na6 7. O-O e5 8. Be3
Ng4 9. Bg5 Qe8 10. Re1 h6 11. Bh4 exd4 12. Nd5 c6 13. Ne7+ Kh7 14. Nxc8 Rxc8
15. Nxd4 Nf6 16. Bd3 Qe5 17. Nf3 Qxb2 18. e5 dxe5 19. Rb1 Qa3 20. Re3 Qa5 21.
Nxe5 Nc5 22. Bxf6 Bxf6 23. Nxg6 fxg6 24. Qh5 Rg8 25. Rh3 Qd2 26. Qxc5 Rcd8 27.
Rxb7+ Rg7 28. Rxg7+ Bxg7 29. Qe3 Qd1+ 30. Bf1 Rd2 31. g4 Rxa2 32. Kg2 Ra1 33.
Bd3 Qh1+ 34. Kg3 Rg1+ 35. Kh4 Bf6+ 0-1

[Event "SK Münster 1 - SV Wattenscheid 1"]
[Site "Oberliga NRW 2017/2018"]
[Date "2018.04.29"]
[Round "9.8"]
[White "Rott, Georg"]
[Black "Hirsch, Stefan"]
[Result "1-0"]
[WhiteElo "2149"]
[BlackElo "2125"]
[PlyCount "105"]
[EventDate "2018.??.??"]
[WhiteTeam "SK Münster 1"]
[BlackTeam "SV Wattenscheid 1"]

1. e4 e5 2. Nf3 Nc6 3. Bb5 a6 4. Bxc6 dxc6 5. O-O Qf6 6. d4 exd4 7. Bg5 Qd6 8.
Nxd4 Be7 9. Be3 Nf6 10. f3 Bd7 11. Nd2 Qb4 12. Qc1 O-O-O 13. c3 Qa4 14. e5 Nd5
15. Bf2 Nf4 16. Qb1 g6 17. Qe4 Ne6 18. Nf5 Qxe4 19. Nxe7+ Kb8 20. Nxe4 Rde8 21.
Bh4 g5 22. Bxg5 Nxg5 23. Nxg5 Rxe7 24. f4 Bf5 25. Rad1 Rg8 26. Rd2 b6 27. g3 h6
28. Nf3 c5 29. Rfd1 Kc8 30. Kf2 Be4 31. Nh4 Bc6 32. b4 Ba4 33. Re1 cxb4 34.
cxb4 Kb7 35. Nf5 Re6 36. Rc1 h5 37. Rd3 Rc8 38. Rdc3 Bd7 39. Nd4 Rh6 40. f5 Ba4
41. Ke3 Rhh8 42. e6 fxe6 43. Nxe6 Rh7 44. f6 c5 45. Kf4 Rf7 46. Kf5 Bd7 47.
bxc5 Rc6 48. Re1 Rf8 49. Rd3 Rxc5+ 50. Kg6 Be8+ 51. Kg7 Rf7+ 52. Kg8 Rc8 53.
Nd8+ 1-0

[Event "SV Dinslaken 1 - SV Mülheim-Nord 2"]
[Site "Oberliga NRW 2017/2018"]
[Date "2018.04.29"]
[Round "9.1"]
[White "Zwirs, Nico"]
[Black "Sielecki, Christof"]
[Result "1-0"]
[WhiteElo "2378"]
[BlackElo "2413"]
[Annotator "Daniel"]
[PlyCount "67"]
[EventDate "2018.??.??"]
[WhiteTeam "SV Mülheim-Nord 2"]
[BlackTeam "SV Dinslaken 1"]

1. e4 c5 2. Nf3 Nc6 3. Nc3 d6 4. d4 cxd4 5. Nxd4 e5 6. Nb3 Nf6 7. Be3 Be6 8.
Qd2 Be7 9. O-O-O Ng4 10. g3 O-O 11. f4 a5 12. a4 Nxe3 13. Qxe3 Bf6 14. Kb1 exf4
15. gxf4 Re8 16. e5 Bxb3 $11 17. cxb3 Qb8 18. Ne4 Be7 19. Rg1 dxe5 20. f5 Rd8
21. Bd3 Rd6 22. Qg3 Qf8 23. Nxd6 Bxd6 24. f6 g6 25. Be4 Bc5 26. Bxc6 bxc6 27.
Rge1 Bd4 $11 28. Rxe5 Bxe5 29. Qxe5 Qc8 30. Qe7 Qf5+ 31. Ka2 h5 32. Rd8+ Rxd8
33. Qxd8+ Kh7 34. Qe7 1-0

[Event "SV Dinslaken 1 - SV Mülheim-Nord 2"]
[Site "Oberliga NRW 2017/2018"]
[Date "2018.04.29"]
[Round "9.2"]
[White "Tereick, Benjamin"]
[Black "Buckels, Valentin"]
[Result "0-1"]
[WhiteElo "2357"]
[BlackElo "2329"]
[PlyCount "112"]
[EventDate "2018.??.??"]
[WhiteTeam "SV Dinslaken 1"]
[BlackTeam "SV Mülheim-Nord 2"]

1. Nf3 Nf6 2. g3 g6 3. Bg2 Bg7 4. O-O d5 5. d4 c6 6. Nbd2 O-O 7. Re1 b6 8. c3
Bb7 9. e4 dxe4 10. Ng5 e3 11. fxe3 Nbd7 12. e4 e5 13. Nc4 Ne8 14. Be3 exd4 15.
cxd4 h6 16. Nf3 c5 17. dxc5 Nxc5 18. Bxc5 bxc5 19. e5 Nc7 20. Qb3 Bd5 21. Rad1
Qe7 22. Nh4 Rab8 23. Qc2 Bxg2 24. Nxg2 Ne6 25. b3 Rbd8 26. Nge3 Nd4 27. Qg2 Qe6
28. Nc2 f6 29. Nxd4 cxd4 30. exf6 Qxf6 31. Rf1 Qe7 32. Rfe1 Qc5 33. Qe4 Kh7 34.
Qd3 Rfe8 35. Rxe8 Rxe8 36. Rf1 Re7 37. Rd1 Qh5 38. a4 Re2 39. h3 Ra2 40. g4 Qh4
41. Nd2 h5 42. gxh5 Qg5+ 43. Kh1 Qxh5 44. Qf3 Qe5 45. Nf1 Rc2 46. Rd2 Rc3 47.
Rd3 Qe1 48. Kg1 Qb1 49. Rxc3 dxc3 50. Qg4 Qe1 51. Qc4 Bd4+ 52. Qxd4 c2 53.
Qxa7+ Kh6 54. Qc5 c1=Q 55. Qf8+ Kg5 56. Qf3 Qf4 0-1

[Event "SV Dinslaken 1 - SV Mülheim-Nord 2"]
[Site "Oberliga NRW 2017/2018"]
[Date "2018.04.29"]
[Round "9.3"]
[White "van Osch, Mees"]
[Black "Stomberg, Thomas"]
[Result "1/2-1/2"]
[WhiteElo "2258"]
[BlackElo "2316"]
[Annotator "Daniel"]
[PlyCount "141"]
[EventDate "2018.??.??"]
[WhiteTeam "SV Mülheim-Nord 2"]
[BlackTeam "SV Dinslaken 1"]

1. e4 e6 2. d4 d5 3. Nc3 Nc6 4. e5 a6 5. g3 f6 6. Nf3 fxe5 7. dxe5 Bc5 8. Bg2
Nge7 9. Bg5 h6 10. Bf4 Ng6 11. Ne2 Qe7 12. h4 Qf7 13. Qd2 Ngxe5 14. Nxe5 Nxe5
15. Qc3 Nd7 16. O-O c6 17. Nd4 O-O 18. Rae1 Re8 19. Nf3 Qf8 $11 20. a3 Bd6 21.
Ne5 Nxe5 22. Bxe5 Bd7 23. Qd2 Bxe5 24. Rxe5 Qd6 25. Rfe1 Rf8 26. c4 Rf7 27. Qd4
Raf8 28. c5 Qc7 29. f4 Rf5 30. R5e3 R5f6 31. Bh3 Rg6 32. Kh2 Bc8 33. Re5 Qf7
34. Qe3 Rf6 35. h5 Rd8 36. Qd4 Rf8 37. Bg4 Rd8 38. Kg2 Kf8 39. Qd3 Kg8 40. Qd4
Kf8 41. Rf1 Kg8 42. Rf2 Rf8 43. Qd3 Rd8 44. Bd1 Rf5 45. Bc2 Qxh5 46. Qd4 Rxe5
47. fxe5 Rd7 48. Qd3 Rf7 49. Qh7+ Kf8 50. Qh8+ Ke7 51. Qxc8 Rxf2+ 52. Kxf2 Qh2+
53. Kf3 Qxc2 54. Qxb7+ Kf8 55. Qc8+ Ke7 56. Qc7+ Kf8 57. Qd8+ Kf7 58. Qd7+ Kf8
59. Qd6+ Kf7 60. Qd7+ Kg8 61. Qxe6+ Kh7 62. Qxc6 Qd3+ 63. Kf2 Qf5+ 64. Kg2 Qxe5
65. Qd6 Qe4+ 66. Kh2 d4 67. c6 Qe2+ 68. Kh3 d3 69. c7 Qh5+ 70. Kg2 Qe2+ 71. Kh3
1/2-1/2